Quiz sui Paesi Bassi Caraibici - Statistics

Statistiche generali
  • Questo quiz è stato fatto 17 volte
  • Il punteggio medio è 7 su 18
Statistiche sulle risposte
Definizione Risposta % Corretto
Inglese
86%
Lingue Ufficiali dei Paesi Bassi Caraibici Olandese
86%
I Paesi Bassi Caraibici sono una dipendenza di questo Stato Paesi Bassi
86%
L'aeroporto di Saba ha la pista più ________ del mondo Corta
79%
Moneta di tutte e tre le isole Dollaro Statunitense
79%
Altre lingue parlate Spagnolo
64%
Numero di montagne (600+ metri di altezza) a Sint Eustatius 1
57%
Primo europeo ad avvistare Sint Eustatius Cristoforo Colombo
57%
Ramo del Cristianesimo praticato dal 72% della popolazione Cattolicesimo
43%
Santo da cui Sint Eustatius prende il nome Sant'Eustachio
29%
Lo Stato che oggi controlla le Bonaire le acquisto nel 1636 da questo Stato Portogallo
21%
Capoluogo di Saba The Bottom
14%
Capoluogo delle Bonaire Kralendijk
7%
Capoluogo di Sint Eustatius Oranjestad
7%
Primo europeo che scoprì le Bonaire Alonso de Ojeda
0%
Re Gugliemo Alessandro dei Paesi Bassi
0%
Ramo del Protestantesimo maggiormente praticato dalla popolazione Metodismo
0%
Papiamento
0%
Nessun quiz corrispondente trovato
Distribuzione punteggi
Percentuale di utenti per punteggio
Percentile per numero di risposta
I tuoi punteggi nel tempo
Non hai fatto questo quiz